[Event "GER-chT U20"]
[Site "Magdeburg"]
[Date "2023.12.28"]
[Round "3.8"]
[White "Struck, Lasse"]
[Black "Leonard, Timo"]
[Result "0-1"]
[WhiteElo "1964"]
[BlackElo "2170"]
[PlyCount "44"]
[EventDate "2023.12.26"]
[EventType "team-swiss"]
[EventRounds "7"]
[EventCountry "GER"]
[SourceTitle "CB03_2024"]
[SourceDate "2024.01.17"]
[SourceVersion "1"]
[SourceVersionDate "2024.01.17"]
[SourceQuality "1"]
[WhiteTeam "Essen Katernberg"]
[BlackTeam "Hemer"]
[WhiteTeamCountry "GER"]
[BlackTeamCountry "GER"]

1. d4 a6 2. e4 e6 3. c4 b5 4. cxb5 Bb7 5. Nc3 Bb4 6. Bd3 f5 7. Qh5+ g6 8. Qe2 Nf6 9. Bg5 h6 10. Bxf6 Qxf6 11. Nf3 axb5 12. 0-0 Bxc3 13. bxc3 0-0 14. exf5 gxf5 15. Rfb1 Kh7 16. Rxb5 Bc6 17. Re5 Ra3 18. c4 Bxf3 19. Qxf3 Kh8 20. Rae1 Nc6 21. R5e3 Nxd4 22. Qf4 Rxd3 0-1

[Event "World-chT Rapid"]
[Site "Dusseldorf"]
[Date "2023.08.27"]
[Round "7.11"]
[White "Peng, Xiang Tobias"]
[Black "Leonard, Timo"]
[Result "1-0"]
[WhiteElo "2119"]
[BlackElo "2223"]
[PlyCount "85"]
[EventDate "2023.08.26"]
[EventType "team-swiss (rapid)"]
[EventRounds "12"]
[EventCountry "GER"]
[SourceTitle "CBM 215 Extra"]
[Source "ChessBase"]
[SourceDate "2023.09.30"]
[SourceVersion "1"]
[SourceVersionDate "2023.09.30"]
[SourceQuality "1"]
[WhiteTeam "Heilbronn Hustlers"]
[BlackTeam "Wensing & Poebel"]
[WhiteTeamCountry "GER"]
[BlackTeamCountry "GER"]

1. e4 e6 2. d4 d5 3. Nc3 Nf6 4. Bg5 Bb4 5. e5 h6 6. Bd2 Bxc3 7. bxc3 Ne4 8. Bd3 Nxd2 9. Qxd2 c5 10. dxc5 Nd7 11. Bb5 0-0 12. Nf3 Nxc5 13. 0-0 a6 14. Be2 b5 15. Nd4 Qc7 16. f4 Ne4 17. Qe3 Qxc3 18. Bd3 Bb7 19. Rae1 Qc5 20. f5 exf5 21. Nxf5 Qxe3+ 22. Rxe3 Rae8 23. Bxe4 dxe4 24. Rg3 Rxe5 25. Nxh6+ Kh7 26. Nxf7 Re7 27. Rh3+ Kg6 28. Nh8+ Rxh8 29. Rxh8 Bd5 30. Rd8 Bxa2 31. Rd6+ Kg5 32. g3 Re6 33. Rxe6 Bxe6 34. Ra1 Bc8 35. Rd1 Kf5 36. Rd8 Be6 37. Ra8 Bc4 38. Rxa6 e3 39. Ra7 g5 40. Re7 e2 41. Kf2 Kg4 42. Re5 Kh3 43. Rxg5 1-0

[Event "Riga Tech Rapid op"]
[Site "Riga"]
[Date "2023.08.06"]
[Round "5"]
[White "Leonard, Timo"]
[Black "Posaskov, Nikita"]
[Result "1-0"]
[WhiteElo "2223"]
[BlackElo "2055"]
[PlyCount "87"]
[EventDate "2023.08.06"]
[EventType "swiss (rapid)"]
[EventRounds "9"]
[EventCountry "LAT"]
[SourceTitle "CBM 215 Extra"]
[Source "ChessBase"]
[SourceDate "2023.09.30"]
[SourceVersion "1"]
[SourceVersionDate "2023.09.30"]
[SourceQuality "1"]

1. d4 Nf6 2. c4 g6 3. Nc3 Bg7 4. e4 d6 5. Nge2 e5 6. d5 a5 7. Ng3 Na6 8. Be2 Nc5 9. h4 c6 10. h5 cxd5 11. cxd5 Bd7 12. h6 Bf8 13. Be3 Rc8 14. f3 Be7 15. Nf1 0-0 16. Qd2 Ne8 17. g4 Bh4+ 18. Bf2 Bxf2+ 19. Kxf2 f5 20. gxf5 gxf5 21. Ng3 fxe4 22. Ngxe4 Nxe4+ 23. Nxe4 Bf5 24. Qg5+ Kh8 25. Qxd8 Rxd8 26. Ke3 Bxe4 27. fxe4 Nf6 28. Rac1 Rg8 29. Rc7 Rdf8 30. Rf1 Rg3+ 31. Rf3 Ng4+ 32. Kd2 Rgxf3 33. Bxf3 Nxh6 34. Ke3 Rf7 35. Rc8+ Kg7 36. Rd8 Re7 37. Rxd6 Nf7 38. Rb6 Ng5 39. Bg4 Rf7 40. Bf5 h5 41. d6 Kf8 42. d7 Ke7 43. Rxb7 Rg7 44. d8Q+ 1-0

[Event "Reykjavik op"]
[Site "Reykjavik"]
[Date "2023.04.01"]
[Round "6"]
[White "Leonard, Timo"]
[Black "Demuth, Adrien"]
[Result "0-1"]
[WhiteElo "2196"]
[BlackElo "2475"]
[PlyCount "56"]
[EventDate "2023.03.29"]
[EventType "swiss"]
[EventRounds "9"]
[EventCountry "ISL"]
[SourceTitle "CBM 213 Extra"]
[Source "ChessBase"]
[SourceDate "2023.05.31"]
[SourceVersion "1"]
[SourceVersionDate "2023.05.31"]
[SourceQuality "1"]

1. d4 Nf6 2. c4 e6 3. Nf3 d5 4. Nc3 dxc4 5. e4 b5 6. e5 Nd5 7. Nxb5 Nb6 8. Be2 Nc6 9. 0-0 Be7 10. Nc3 Bb7 11. Be3 0-0 12. Qc1 Rb8 13. Rd1 Nb4 14. Ne1 f5 15. f4 Qc8 16. Bf3 c5 17. Nb5 Bxf3 18. Nxf3 Nd3 19. Rxd3 cxd3 20. dxc5 d2 21. Qf1 Bxc5 22. Nfd4 Nd5 23. Bf2 Rxb5 24. Nxb5 Bxf2+ 25. Qxf2 Qc1+ 26. Qf1 Rc8 27. Nc3 Nxc3 28. Rxc1 dxc1Q 0-1

[Event "Reykjavik op"]
[Site "Reykjavik"]
[Date "2023.03.30"]
[Round "3"]
[White "Leonard, Timo"]
[Black "Botez, Alexandra"]
[Result "1-0"]
[WhiteElo "2196"]
[BlackElo "1988"]
[PlyCount "81"]
[EventDate "2023.03.29"]
[EventType "swiss"]
[EventRounds "9"]
[EventCountry "ISL"]
[SourceTitle "CBM 213 Extra"]
[Source "ChessBase"]
[SourceDate "2023.05.31"]
[SourceVersion "1"]
[SourceVersionDate "2023.05.31"]
[SourceQuality "1"]

1. d4 c5 2. d5 g6 3. e4 d6 4. c4 Bg7 5. h3 Nf6 6. Nc3 0-0 7. Nf3 e6 8. Be2 exd5 9. exd5 Re8 10. 0-0 Bf5 11. Nh4 Bd7 12. Bd3 Na6 13. Nf3 Qb6 14. a3 Nc7 15. Qc2 a5 16. Bf4 Nh5 17. Bh2 f5 18. Rfe1 Qa6 19. Ng5 Nf6 20. Rad1 a4 21. Ne6 Bxe6 22. dxe6 Nxe6 23. Nb5 Nd4 24. Nxd4 cxd4 25. c5 b5 26. cxd6 Rec8 27. Qe2 Re8 28. Qf3 Red8 29. Be5 Ne4 30. Bxe4 fxe4 31. Qxe4 Bxe5 32. Qd5+ Kf8 33. Qxe5 Qxd6 34. Qh8+ Kf7 35. Qxh7+ Kf6 36. Qh4+ Kf7 37. Qh7+ Kf6 38. Rd3 Rh8 39. Rf3+ Kg5 40. h4+ Kg4 41. Re4+ 1-0

[Event "GER-chT U20"]
[Site "Muenster"]
[Date "2022.12.28"]
[Round "4"]
[White "Aumueller, Naum"]
[Black "Leonard, Timo"]
[Result "0-1"]
[WhiteElo "1927"]
[BlackElo "2174"]
[PlyCount "64"]
[EventDate "2022.12.26"]
[EventType "team-swiss"]
[EventRounds "7"]
[EventCountry "GER"]
[SourceTitle "CBM 212 Extra"]
[Source "ChessBase"]
[SourceDate "2023.03.31"]
[SourceVersion "1"]
[SourceVersionDate "2023.03.31"]
[SourceQuality "1"]
[WhiteTeam "Regensburg Bavaria"]
[BlackTeam "Hemer"]
[WhiteTeamCountry "GER"]
[BlackTeamCountry "GER"]

1. e4 e6 2. d4 d5 3. e5 c5 4. c3 Nc6 5. Nf3 Qb6 6. a3 Nh6 7. b4 cxd4 8. cxd4 Nf5 9. Bb2 Bd7 10. Be2 Rc8 11. 0-0 Be7 12. Qd3 h5 13. Nbd2 g5 14. Nb3 g4 15. Nfd2 a5 16. b5 a4 17. bxc6 Bxc6 18. Rfb1 axb3 19. Qxb3 Qxb3 20. Nxb3 Ba4 21. Rc1 Rxc1+ 22. Nxc1 Bg5 23. Nd3 b6 24. Nb4 Kd7 25. Bd3 Ne7 26. Bc1 Bxc1 27. Rxc1 Nc6 28. Na6 Rc8 29. Rb1 Nxd4 30. h3 Nb3 31. Rb2 gxh3 32. gxh3 Rc3 0-1

[Event "Dortmund NRW Cup U20 49th"]
[Site "Dortmund"]
[Date "2022.07.21"]
[Round "6"]
[White "Leonard, Timo"]
[Black "O'Gorman, Tom"]
[Result "1/2-1/2"]
[WhiteElo "2088"]
[BlackElo "2401"]
[PlyCount "152"]
[EventDate "2022.07.16"]
[EventType "tourn"]
[EventRounds "9"]
[EventCountry "GER"]
[EventCategory "5"]
[SourceTitle "CBM 209 Extra"]
[Source "ChessBase"]
[SourceDate "2022.09.30"]
[SourceVersion "1"]
[SourceVersionDate "2022.09.30"]
[SourceQuality "1"]

1. d4 Nf6 2. c4 e6 3. Nc3 d5 4. Nf3 dxc4 5. e4 b5 6. Nxb5 Nxe4 7. Nc3 Nxc3 8. bxc3 Bd6 9. Bg5 f6 10. Bh4 Nd7 11. Bxc4 Nb6 12. Bd3 Qd7 13. a4 0-0 14. Qb1 g6 15. c4 Ba6 16. a5 Nc8 17. 0-0 c5 18. Rd1 Rb8 19. Qc1 Qc7 20. Qe3 Qe7 21. Bg3 Rb3 22. Bxd6 Nxd6 23. dxc5 Nxc4 24. Qe2 Rb2 25. Nd2 Rxd2 26. Rxd2 Nxd2 27. Bxa6 Nb3 28. Rb1 Nxc5 29. Bc4 Kg7 30. h4 Rd8 31. Qe3 h5 32. a6 e5 33. Qa3 Rd7 34. Rb8 Qd6 35. Rg8+ Kh7 36. Rc8 Rc7 37. Rb8 Ne4 38. Qa4 Qd4 39. Rh8+ Kg7 40. Rg8+ Kh7 41. Rh8+ Kg7 42. Rg8+ Kh6 43. Rh8+ Rh7 44. Rxh7+ Kxh7 45. Qa2 Kg7 46. Be6 Nc3 47. Qc2 e4 48. Bc8 e3 49. fxe3 Qxe3+ 50. Qf2 Ne2+ 51. Kf1 Ng3+ 52. Kg1 Qc1+ 53. Kh2 Nf1+ 54. Kg1 Ne3+ 55. Kh2 f5 56. Kg3 Qc3 57. Qf3 Qe5+ 58. Kh3 Ng4 59. g3 Qd4 60. Qg2 Kh6 61. Bb7 Qe3 62. Qf3 Qxf3 63. Bxf3 Ne3 64. Kh2 Kg7 65. Kg1 Kf6 66. Kf2 Nc2 67. Bc6 Nd4 68. Bd5 Ne6 69. Ke3 Nc5 70. Bc4 Ne4 71. Kf4 g5+ 72. hxg5+ Nxg5 73. Bb3 Nh7 74. Bd1 Kg6 75. Bc2 Kf6 76. Bxf5 Ng5 1/2-1/2

[Event "GER-ch U18"]
[Site "Willingen"]
[Date "2022.06.11"]
[Round "9"]
[White "Leonard, Timo"]
[Black "Von Mettenheim, Johannes"]
[Result "1-0"]
[WhiteElo "2018"]
[BlackElo "2219"]
[PlyCount "117"]
[EventDate "2022.06.04"]
[EventType "swiss"]
[EventRounds "9"]
[EventCountry "GER"]
[SourceTitle "CBM 208 Extra"]
[Source "ChessBase"]
[SourceDate "2022.07.31"]
[SourceVersion "1"]
[SourceVersionDate "2022.07.31"]
[SourceQuality "1"]

1. d4 Nf6 2. c4 e6 3. Nc3 Bb4 4. Bd2 0-0 5. Nf3 d5 6. e3 Nbd7 7. Rc1 a6 8. c5 c6 9. Bd3 Qe7 10. a3 Ba5 11. b4 Bc7 12. 0-0 e5 13. dxe5 Ng4 14. Bb1 Ndxe5 15. Nxe5 Nxe5 16. Ne2 Qh4 17. f4 Nc4 18. Rxc4 dxc4 19. Nd4 Be6 20. Qc2 Rad8 21. Bc3 Rfe8 22. Rf3 Bg4 23. Rg3 g6 24. Nf3 Qh5 25. h3 Bxf3 26. Rxf3 Qd5 27. Bd4 Rd7 28. Ba2 Qe4 29. Qxc4 Bd8 30. Qc3 Be7 31. f5 Bg5 32. fxg6 hxg6 33. Qb3 Ree7 34. Qc3 Kh7 35. Kh2 Bh6 36. Kh1 f5 37. Qb3 Re8 38. Bb1 Qd5 39. Qc2 Bg7 40. Rf4 Bxd4 41. Rxd4 Qf7 42. Rh4+ Kg7 43. Qc3+ Kf8 44. Rh8+ Ke7 45. Ba2 Rd5 46. Bxd5 cxd5 47. Qe5+ Kd7 48. Rxe8 Qxe8 49. Qxd5+ Kc8 50. Qb3 Kb8 51. a4 g5 52. b5 axb5 53. axb5 g4 54. Qd3 Qf7 55. Qd8+ Ka7 56. Qb6+ Ka8 57. c6 bxc6 58. bxc6 gxh3 59. Qd8+ 1-0

[Event "GER-chT Christmas U16 Steinitz"]
[Site "Playchess.com INT"]
[Date "2020.12.28"]
[Round "6.2"]
[White "Leonard, Timo"]
[Black "Rempe, Jonas"]
[Result "1-0"]
[WhiteElo "1953"]
[BlackElo "1957"]
[PlyCount "69"]
[EventDate "2020.12.28"]
[EventType "team-swiss (blitz)"]
[EventRounds "7"]
[EventCountry "GER"]
[SourceTitle "CBM 200 Extra"]
[Source "ChessBase"]
[SourceDate "2021.03.31"]
[SourceVersion "1"]
[SourceVersionDate "2021.03.31"]
[SourceQuality "1"]
[WhiteTeam "Hemer"]
[BlackTeam "Kiel Doppelbauer"]
[WhiteTeamCountry "GER"]
[BlackTeamCountry "GER"]

1. e4 e5 2. Nf3 Nc6 3. Bc4 Nf6 4. d3 Be7 5. c3 0-0 6. 0-0 d6 7. a4 Be6 8. Nbd2 h6 9. Re1 Na5 10. Bxe6 fxe6 11. b4 Nc6 12. Qb3 Qd7 13. d4 exd4 14. cxd4 d5 15. exd5 exd5 16. b5 Na5 17. Qc3 b6 18. Ne5 Qf5 19. Ndf3 Ne4 20. Qc2 Bb4 21. Re3 Rae8 22. Ba3 Bxa3 23. Raxa3 g5 24. h3 h5 25. Qa2 Rd8 26. Re2 g4 27. Nh4 Qf4 28. Rae3 Nxf2 29. Neg6 Nxh3+ 30. gxh3 Qf1+ 31. Kh2 Rf6 32. Re8+ Rxe8 33. Rxe8+ Kg7 34. Re7+ Kh6 35. Qd2+ 1-0

[Event "GER-chT Christmas U16 Steinitz"]
[Site "Playchess.com INT"]
[Date "2020.12.28"]
[Round "3.2"]
[White "Von Rosen, Jakob"]
[Black "Leonard, Timo"]
[Result "0-1"]
[WhiteElo "1722"]
[BlackElo "1953"]
[PlyCount "104"]
[EventDate "2020.12.28"]
[EventType "team-swiss (blitz)"]
[EventRounds "7"]
[EventCountry "GER"]
[SourceTitle "CBM 200 Extra"]
[Source "ChessBase"]
[SourceDate "2021.03.31"]
[SourceVersion "1"]
[SourceVersionDate "2021.03.31"]
[SourceQuality "1"]
[WhiteTeam "Blankenese"]
[BlackTeam "Hemer"]
[WhiteTeamCountry "GER"]
[BlackTeamCountry "GER"]

1. e4 e5 2. Nf3 Nc6 3. Bc4 Nf6 4. d3 Bc5 5. 0-0 0-0 6. Nbd2 d6 7. c3 Be6 8. Bb3 a5 9. Re1 Bxb3 10. Qxb3 Qd7 11. Nf1 a4 12. Qc2 Ng4 13. d4 exd4 14. cxd4 Nxd4 15. Nxd4 Bxd4 16. Ne3 c5 17. Nxg4 Qxg4 18. Be3 Be5 19. h3 Qe6 20. f4 Bf6 21. f5 Qe5 22. Bd2 Qxb2 23. Qxb2 Bxb2 24. Rab1 a3 25. Bc1 Bc3 26. Rd1 Bd4+ 27. Kf1 Rfb8 28. Rb6 Be5 29. Rd3 Kf8 30. Bxa3 Ke7 31. Rdb3 Kd7 32. Rxb7+ Rxb7 33. Rxb7+ Kc6 34. Rb3 c4 35. Re3 c3 36. Bb4 c2 37. Re1 Rxa2 38. Bd2 Kc5 39. Ke2 Kd4 40. Rc1 Kxe4 41. g4 d5 42. Be1 d4 43. Bd2 d3+ 44. Kf2 Bb2 45. Re1+ Kd5 46. Ke3 Kc4 47. h4 Bc3 48. Rc1 Ra1 49. g5 Bxd2+ 50. Kxd2 Rxc1 51. Kxc1 Kc3 52. f6 d2# 0-1

[Event "Dortmund Sparkassen op 47th"]
[Site "Dortmund"]
[Date "2019.07.20"]
[Round "8"]
[White "Conrad, Joachim"]
[Black "Leonard, Timo"]
[Result "1-0"]
[WhiteElo "2068"]
[BlackElo "1911"]
[PlyCount "157"]
[EventDate "2019.07.13"]
[EventType "swiss"]
[EventRounds "9"]
[EventCountry "GER"]
[SourceTitle "EXT 2020"]
[Source "ChessBase"]
[SourceDate "2019.10.17"]
[SourceVersion "1"]
[SourceVersionDate "2019.10.17"]
[SourceQuality "1"]

1. d4 d5 2. Nf3 Nf6 3. Bf4 c5 4. e3 Nc6 5. c3 Qb6 6. Qb3 c4 7. Qxb6 axb6 8. Na3 Na7 9. Be2 h6 10. 0-0 Bf5 11. Bd1 e6 12. Nc2 Be7 13. Nd2 Nc6 14. f3 b5 15. a3 Bh7 16. Re1 0-0 17. Rc1 Na7 18. Nb4 Rfc8 19. Bc2 Nc6 20. Bxh7+ Kxh7 21. Nc2 Bd8 22. Re2 Kg8 23. Nb1 Be7 24. Rce1 Bd8 25. e4 Be7 26. Nb4 Bxb4 27. axb4 Ra4 28. Na3 Na7 29. Bd6 b6 30. Be7 Nd7 31. exd5 exd5 32. Bd6 Nf6 33. Kf2 Nc6 34. Nxb5 Ra2 35. Bf4 Kf8 36. g4 Rca8 37. Bc7 Na7 38. Bf4 Nc6 39. Nc7 Rd8 40. h4 Kg8 41. Nb5 Rd7 42. Bc1 Rd8 43. g5 hxg5 44. hxg5 Nh5 45. Re8+ Rxe8 46. Rxe8+ Kh7 47. Nc7 Nxb4 48. cxb4 c3 49. Re2 Nf4 50. Bxf4 cxb2 51. Rxb2 Rxb2+ 52. Ke3 Rb3+ 53. Ke2 Rxb4 54. Be3 f6 55. gxf6 gxf6 56. Nxd5 Rb2+ 57. Kd3 Kg6 58. Kc3 Rb1 59. Kc4 Rf1 60. f4 Rb1 61. Nc3 Ra1 62. d5 Kf5 63. Bxb6 Kxf4 64. d6 Ra8 65. d7 f5 66. Kd5 Kg4 67. Nb5 f4 68. Nd6 f3 69. Nc8 Ra2 70. d8Q Rd2+ 71. Bd4 f2 72. Qg8+ Kf3 73. Qf7+ Kg2 74. Qg6+ Kf1 75. Ke4 Rxd4+ 76. Kxd4 Ke1 77. Qg3 Ke2 78. Qg2 Ke1 79. Ke3 1-0

[Event "Dortmund Sparkassen op 47th"]
[Site "Dortmund"]
[Date "2019.07.15"]
[Round "3"]
[White "Henrotte, Nils"]
[Black "Leonard, Timo"]
[Result "1/2-1/2"]
[WhiteElo "1969"]
[BlackElo "1911"]
[PlyCount "64"]
[EventDate "2019.07.13"]
[EventType "swiss"]
[EventRounds "9"]
[EventCountry "GER"]
[SourceTitle "EXT 2020"]
[Source "ChessBase"]
[SourceDate "2019.10.17"]
[SourceVersion "1"]
[SourceVersionDate "2019.10.17"]
[SourceQuality "1"]

1. e4 e6 2. b3 d5 3. Bb2 dxe4 4. Nc3 Nf6 5. Qe2 Nbd7 6. g4 b6 7. Bg2 Bb7 8. Nxe4 Qc8 9. Nh3 Be7 10. g5 Nxe4 11. Bxe4 Nc5 12. Bxb7 Qxb7 13. Qb5+ Nd7 14. 0-0-0 Qf3 15. Qf1 Rg8 16. d4 Bxg5+ 17. Nxg5 Qf4+ 18. Kb1 Qxg5 19. f4 Qa5 20. d5 0-0-0 21. dxe6 fxe6 22. Qc4 Qf5 23. Qc6 Nb8 24. Qc4 Nd7 25. Rhe1 g6 26. b4 Rge8 27. Rd6 b5 28. Qc6 Nb8 29. Rxd8+ Rxd8 30. Qxe6+ Qxe6 31. Rxe6 Rd1+ 32. Bc1 Kd7 1/2-1/2

[Event "GER-chT U16"]
[Site "Aurich"]
[Date "2018.12.28"]
[Round "4.2"]
[White "Leonard, Timo"]
[Black "Meiwes, Thore"]
[Result "1-0"]
[WhiteElo "1833"]
[BlackElo "1959"]
[PlyCount "83"]
[EventDate "2018.12.27"]
[EventType "team-swiss"]
[EventRounds "7"]
[EventCountry "GER"]
[SourceTitle "CBM 188 Extra"]
[Source "ChessBase"]
[SourceDate "2019.02.26"]
[SourceVersion "1"]
[SourceVersionDate "2019.02.26"]
[SourceQuality "1"]
[WhiteTeam "Hemer"]
[BlackTeam "Lehrte"]
[WhiteTeamCountry "GER"]
[BlackTeamCountry "GER"]

1. d4 Nf6 2. Nf3 d5 3. g3 e6 4. Bg2 Be7 5. c4 0-0 6. 0-0 dxc4 7. Qc2 a6 8. Qxc4 b5 9. Qc2 Bb7 10. Bd2 Be4 11. Qc1 c6 12. Rd1 Qb6 13. Nc3 Bg6 14. a3 Nbd7 15. b4 Rfc8 16. Qb2 Ne4 17. Be3 Ndf6 18. Nxe4 Bxe4 19. d5 c5 20. dxe6 fxe6 21. Rac1 Nd5 22. bxc5 Bxc5 23. Bxc5 Rxc5 24. Rxc5 Qxc5 25. Qe5 Kh8 26. Qxe4 Rf8 27. Qxe6 Nc3 28. Rd7 Qxa3 29. Qe5 Rg8 30. Bh3 Qb2 31. Kg2 Qxe2 32. Qxc3 b4 33. Qxb4 a5 34. Qxa5 Rf8 35. Qd5 h6 36. Rd8 Qxf3+ 37. Qxf3 Rxd8 38. Qh5 Rf8 39. Bf5 Kg8 40. Qg6 Rf6 41. Qe8+ Rf8 42. Be6+ 1-0